[Event "Copenhagen Chess Challenge 2019"]
[Site "Ballerup"]
[Date "2019.05.19"]
[Round "8.12"]
[White "Liu, Casper"]
[Black "Thorsbro, Peter"]
[Result "*"]
[WhiteElo "2228"]
[BlackElo "2116"]
[Annotator "TA"]
[PlyCount "161"]
[EventDate "2019.05.16"]
[EventCountry "DEN"]
[SourceTitle "playchess.com"]
[Source "ChessBase"]
[SourceQuality "1"]

{[%evp 9,161,-2,0,-11,0,-39,-33,-30,-20,-69,-79,-75,-83,-90,-81,-98,-98,-147,-78,-119,-75,-79,-74,-76,120,-29,64,54,175,103,109,104,97,96,137,113,145,152,139,136,204,93,119,128,143,76,188,70,68,68,130,68,69,82,98,102,102,88,90,-6,-5,-164,-182,-182,-183,-177,-181,-173,-161,-213,-213,-212,-181,-225,-213,-216,-198,-333,-318,-275,-277,-412,-406,-409,-405,-406,-370,-437,-427,-391,-370,-370,-370,-370,-276,-190,-65,-66,-66,-67,-22,-22,-22,-22,-22,-22,-22,-71,-20,-20,-20,-20,-20,-20,-20,-20,-20,-20,-20,-20,-20,-20,-20,-20,-20,-20,-18,-20,-20,-20,-20,-20,-20,-20,-18,-18,-18,-18,-18,-18,-18,-18,-18,-18,-18,-18,0,-18,-18,-18,-18,-18,-20,-20]} 1. b3 e5 2. Bb2 Nc6 3. e3 g6 4. Nf3 Bg7 5. Bb5 (5. d4 e4 6. Nfd2 f5 7. c4 d6 8. Nc3 Nf6 9. h4 Ne7 10. d5 c6 11. h5 Nxh5 12. dxc6 bxc6 13. Rxh5 gxh5 14. Qxh5+ {1-0 (55) Nakamura,H (2777)-Hou,Y (2658) chess.com INT 2018}) 5... Nge7 6. O-O {A01: Nimzowitsch-Larsen Opening} O-O 7. d3 a6 $146 ({Predecessor:} 7... d6 8. Nbd2 f5 9. e4 h6 10. exf5 gxf5 11. Nh4 Be6 12. d4 Nd5 {0-1 (40) Ostapchik,A (1900)-Nikolovski,N (1996) Budva 2013}) 8. Bxc6 $1 {Black is slightly better.} Nxc6 9. e4 d6 10. Nc3 f5 11. exf5 gxf5 12. Nd2 f4 13. Re1 Rf7 (13... Rf6 $142 $1 14. d4 exd4) 14. h3 Qh4 15. Nf3 Qh5 16. d4 Bf6 $2 (16... Qg6 $17 {stays on course. ...Bxh3 is the strong threat.} 17. Nh4 Qh6) 17. Nd5 (17. dxe5 $16 Bxe5 18. Nxe5 {[%mdl 64] Discovered Attack} Qxd1 19. Raxd1 (19. Nxd1 dxe5 20. Bxe5 Re7 $14) 19... dxe5 20. Nd5) 17... Bxh3 ({Black should play} 17... e4 $1 $11 18. Nxf6+ Rxf6) 18. dxe5 (18. Nxe5 $5 Qf5 {[%mdl 64] Pin} 19. Nxf7 (19. Nxf6+ Rxf6 20. Nxc6 bxc6 $15) 19... Qxd5 20. gxh3 Kxf7 21. Kh2 $14 (21. Qg4 $2 Rg8 $19)) 18... Qg4 (18... Bh8 $1 $14 19. gxh3 Qxh3 20. Nf6+ Kf8) 19. Nxf6+ (19. Nxf4 $1 $18 Qxf4 20. exf6) 19... Rxf6 $16 {[%csl Gh3][%cal Rg4g2]} 20. Qd5+ Rf7 {[%csl Gh3][%cal Rg4g2]} 21. Nh2 Qg6 22. Qf3 $36 {[%mdl 2048] White is really pushing.} Be6 23. exd6 cxd6 24. Rad1 Rd8 (24... Qxc2 $16 25. Rxd6 (25. Rxe6 Qxb2 26. Rexd6 Raf8 $14) 25... Qxb2) 25. c4 (25. Qc3 $1 $18 {[%csl Gb2][%cal Rc3h8] has better winning chances.} Rfd7 26. Nf3) 25... Rf5 26. Qg4 Kf7 27. Rd2 (27. Re4 $142) 27... Rg8 (27... Qxg4 $16 28. Nxg4 Rg5) 28. Qxg6+ (28. Rxd6 $18 Qxg4 29. Nxg4) 28... Rxg6 $14 29. Nf3 ({But not} 29. Rxd6 Rfg5 $15) 29... Rh5 {[#]} (29... Rh6 $1 $14) 30. Rxd6 ({White should try} 30. Re4 $1 $16) 30... Rgh6 $1 {[%csl Gh6][%cal Rh5h1]} 31. g4 $1 {[%cal Rg4h5]} Bxg4 32. Ng5+ Kf8 33. Rxh6 Rxh6 34. Bc1 (34. Re4 $16 Bd1 35. Rxf4+ Ke8 36. Ne4) 34... Rg6 $11 35. Bxf4 $2 (35. Ba3+ $1 $11 Kg7 36. Bb2+ Kh6 37. Nf7+ Kh5 38. Kf1) 35... h6 $19 36. Ne4 {[#]} Nd4 $1 {[%cal Rd4f3]} 37. Re3 Ne2+ 38. Rxe2 Bxe2+ {[%mdl 4096] Endgame KRB-KBN} 39. Bg3 (39. Kh2 {was worth a try.}) 39... Bf3 40. Nc5 Kf7 41. Nd3 {Hoping for Ne5+.} Rf6 42. Kf1 Ke6 43. Ke1 (43. Ne1 $142) 43... Kf5 44. Kd2 Re6 45. a4 (45. Nb4 $142) 45... Re2+ 46. Kc3 h5 47. b4 Re4 48. c5 h4 49. Bh2 Re2 50. b5 axb5 51. axb5 Be4 {Strongly threatening ...Bxd3.} 52. c6 {And now c7 would win.} bxc6 (52... b6 $19 53. Bb8 h3) 53. b6 $15 {[#] Threatens to win with b7.} c5 $1 54. Nxc5 Rc2+ 55. Kd4 Bc6 56. b7 {[#]} Bxb7 $1 {[%mdl 512]} 57. Nxb7 Rxf2 58. Bd6 Rd2+ (58... Kg4 $17 59. Nc5 Rd2+ 60. Nd3 Kf3) 59. Ke3 $11 {The position is equal.} Rb2 60. Nc5 h3 61. Nd3 h2 62. Bxh2 $1 Rxh2 {KR-KN} 63. Kd4 Rh8 64. Nf2 Rd8+ 65. Ke3 Rd7 66. Nd3 Ra7 67. Kd4 Ra4+ 68. Kd5 Rh4 69. Nc5 Rh8 70. Kd4 Rd8+ 71. Ke3 $1 Rd6 72. Nd3 Rd5 73. Nf2 Ra5 74. Nd3 Ra4 75. Kf3 Rh4 76. Ke3 Ke6 77. Nf4+ Kf5 78. Nd3 Re4+ 79. Kf3 Re8 80. Nf4 Ke5 {( -> ...Rf8!)} 81. Ke3 {Accuracy: White = 49%, Black = 56%.} *

[Event "Copenhagen Chess Challenge 2019"]
[Site "Ballerup"]
[Date "2019.05.19"]
[Round "8.13"]
[White "Shehzad, Shazil"]
[Black "Laustsen, Lars"]
[Result "0-1"]
[WhiteElo "2016"]
[BlackElo "2140"]
[Annotator "NA RC"]
[PlyCount "84"]
[EventDate "2019.05.16"]
[EventCountry "DEN"]
[SourceTitle "playchess.com"]
[Source "ChessBase"]
[SourceQuality "1"]

1. e4 c5 2. Nf3 d6 3. d4 cxd4 4. Nxd4 Nf6 5. Nc3 a6 6. f3 e5 7. Nb3 Be6 8. Be3 h5 9. Nd5 {B90: Sicilian Najdorf: Unusual White 6th moves, 6 Be3 Ng4 and 6 Be3 e5} Bxd5 10. exd5 Nbd7 11. Qd2 g6 12. Be2 (12. O-O-O Bg7 13. Kb1 Qc7 14. Be2 a5 15. a4 O-O 16. g4 Rfc8 17. Bb5 hxg4 18. fxg4 Nxg4 {0-1 (75) Robson,R (2667)-Saric,I (2690) chess.com INT 2019}) 12... Qc7 13. O-O Nb6 14. Bxb6 $146 ({Predecessor:} 14. c4 Nxc4 15. Rfc1 Nxd2 16. Rxc7 Nxd5 17. Rxb7 Nxe3 18. Nxd2 {0-1 (30) Warmerdam,M (2424)-Firat,B (2452) Rio Achaea 2018}) 14... Qxb6+ 15. Kh1 Bh6 16. Qd1 h4 17. f4 Bxf4 18. Qd3 Kf8 19. c4 Kg7 20. Rad1 Rae8 21. Qc2 Nd7 22. Qc3 Bh6 23. Na1 Qe3 24. Qxe3 Bxe3 25. b4 f5 26. Nb3 Nf6 27. Bf3 b6 28. a4 Rc8 29. c5 $19 bxc5 30. bxc5 Bxc5 31. Nxc5 Rxc5 32. Rb1 e4 33. Be2 a5 34. Rb7+ Kh6 35. Rd1 Nxd5 36. Rb5 Nc3 37. Rxc5 dxc5 38. Re1 Nxe2 39. Rxe2 Rd8 40. h3 Rd1+ 41. Kh2 c4 42. Rc2 e3 0-1

[Event "Copenhagen Chess Challenge 2019"]
[Site "Ballerup"]
[Date "2019.05.19"]
[Round "8.14"]
[White "Joensson, Jacob"]
[Black "Heimisson, Hilmir Freyr"]
[Result "0-1"]
[WhiteElo "1970"]
[BlackElo "2311"]
[Annotator "NA RC"]
[PlyCount "74"]
[EventDate "2019.05.16"]
[EventCountry "DEN"]
[SourceTitle "playchess.com"]
[Source "ChessBase"]
[SourceQuality "1"]

1. d4 Nf6 2. c4 e6 3. Nf3 d5 4. Nc3 Bb4 5. cxd5 exd5 6. Bg5 Nbd7 7. e3 h6 {D38: Queen's Gambit Declined: Ragozin Defence (4 Nf3 Bb4)} 8. Bxf6 Qxf6 (8... Bxc3+ 9. bxc3 Nxf6 10. Bd3 O-O 11. O-O c5 12. dxc5 Qa5 13. Qb3 Qxc5 14. Qb4 b6 15. Rfc1 {0-1 (33) So,W (2780)-Wei,Y (2729) chess.com INT 2018}) 9. Bd3 c6 10. O-O O-O 11. Qc2 Re8 12. a3 Bf8 13. Rab1 $146 ({Predecessor:} 13. b4 a6 14. Na4 Bd6 15. Bf5 Bc7 16. Nc5 Nxc5 17. Bxc8 Raxc8 18. bxc5 {1-0 (57) Le,H (2080)-Tran,Q (2309) Ho Chi Minh City 2013}) 13... Qd8 14. Ne2 Bd6 15. b4 a6 16. a4 Nf6 17. Ng3 Ne4 18. b5 Nxg3 19. hxg3 cxb5 20. axb5 a5 21. Rfc1 Qf6 22. Qa2 Be6 23. Rc2 g5 24. Rbc1 h5 25. Qb2 Kg7 26. e4 dxe4 27. Bxe4 Bc8 28. Ne5 a4 29. Bd5 a3 30. Qa1 Bf5 31. Bxb7 Ra7 32. Bc6 Rxe5 33. b6 Ra6 34. Rc5 $19 (34. dxe5 $142 Bxe5 35. Qb1 Bxc2 36. Rxc2) 34... Rxc5 35. dxc5 Qxa1 36. Rxa1 Bxc5 37. b7 Ba7 0-1

[Event "Copenhagen Chess Challenge 2019"]
[Site "Ballerup"]
[Date "2019.05.19"]
[Round "8.15"]
[White "Andersen, Kim Nyvang"]
[Black "Rishovd, Svein"]
[Result "1/2-1/2"]
[WhiteElo "2004"]
[BlackElo "2105"]
[Annotator "NA RC"]
[PlyCount "71"]
[EventDate "2019.05.16"]
[EventCountry "DEN"]
[SourceTitle "playchess.com"]
[Source "ChessBase"]
[SourceQuality "1"]

1. d4 d5 2. c4 e6 3. Nc3 Bb4 4. cxd5 exd5 5. Qc2 Nf6 6. Bg5 h6 7. Bh4 O-O 8. e3 {E35: Nimzo-Indian: Classical: 4...d5 5 cxd5 exd5} Nbd7 (8... Be6 9. Nf3 Nbd7 10. Be2 Rc8 11. O-O c5 12. dxc5 Rxc5 13. Qd3 Bxc3 14. bxc3 g5 15. Bg3 Ne4 {0-1 (45) Sjugirov,S (2663)-Sargsyan,S (2486) chess.com INT 2019}) 9. Bd3 c5 10. Nge2 Re8 11. O-O g5 $146 ({Predecessor:} 11... Bxc3 12. Qxc3 b6 13. Bb5 Re4 14. Bg3 a6 15. Bd3 {½-½ (52) Makkar,R (1880)-Shah,K (1410) Mamaia 2017}) 12. Bg3 c4 13. Bf5 a6 14. a4 Nf8 15. Rab1 Bd7 16. Be5 Qc8 17. Ng3 Bxc3 18. bxc3 Ng4 19. Bxd7 Nxd7 20. Nf5 Ndxe5 21. dxe5 Rxe5 $11 22. h3 Rxf5 23. hxg4 Rf6 24. Rfd1 Qd7 25. a5 Rd8 26. Rb4 Qxg4 27. Rxb7 h5 28. Rd4 Qc8 29. Re7 Re6 30. Qf5 Rxe7 31. Qxg5+ Kf8 32. Qh6+ Kg8 33. Qg5+ Kf8 34. Qh6+ Kg8 35. Qg5+ Kf8 36. Qh6+ 1/2-1/2

[Event "Copenhagen Chess Challenge 2019"]
[Site "Ballerup"]
[Date "2019.05.19"]
[Round "9.1"]
[White "Chatalbashev, Boris"]
[Black "Ertan, Can"]
[Result "1-0"]
[WhiteElo "2514"]
[BlackElo "2391"]
[Annotator "TA"]
[PlyCount "95"]
[EventDate "2019.05.16"]
[EventCountry "DEN"]
[SourceTitle "playchess.com"]
[Source "ChessBase"]
[SourceQuality "1"]

{[%evp 9,95,16,28,28,59,53,62,38,54,60,68,28,28,28,28,28,28,29,24,30,30,34,27,29,48,37,45,31,46,52,50,65,50,55,58,57,63,68,62,73,109,108,129,19,31,18,68,80,96,54,58,64,120,119,97,103,107,106,104,117,126,50,53,48,334,342,369,369,384,353,514,518,516,508,692,307,269,0,692,689,951,951,951,937,937,937,931,839]} 1. d4 Nf6 2. c4 e6 3. Nc3 Bb4 4. Nf3 O-O 5. Bg5 d5 6. Qb3 {D38: Queen's Gambit Declined: Ragozin Defence (4 Nf3 Bb4)} (6. cxd5 exd5 7. e3 c5 8. dxc5 Nbd7 9. Rc1 Qa5 10. a3 Bxc3+ 11. Rxc3 Ne4 12. b4 Nxc3 13. Qa1 Qa4 14. Qxc3 a5 15. b5 Nxc5 16. Qxc5 Bf5 17. Qc3 Rfc8 {1-0 (37) Aronian,L (2792)-Nakamura,H (2787) Leuven 2016}) 6... Nc6 7. e3 Re8 8. cxd5 $146 {White is slightly better.} ({Predecessor:} 8. Rc1 h6 9. Bh4 g5 10. Bg3 Ne4 11. Bd3 Bxc3+ 12. bxc3 Nxg3 13. hxg3 Qf6 14. cxd5 exd5 15. Qxd5 {0-1 (24) Talik,P (2059)-Pasieka,M (1790) Krakow 2017}) 8... Qxd5 9. Bc4 Qf5 10. O-O (10. Bxf6 $5 gxf6 11. O-O $14) 10... Bxc3 11. Qxc3 Ne4 12. Qc2 e5 13. d5 Nxg5 14. Qxf5 Bxf5 15. Nxg5 Na5 16. Be2 {Strongly threatening b4.} c5 17. e4 Bd7 18. Rac1 b6 19. b4 $36 {[%mdl 2048] White has some pressure.} Nb7 20. Ba6 Nd6 21. bxc5 bxc5 22. Rfe1 Rab8 23. Rxc5 Rb2 24. Ra5 Reb8 25. Bd3 R8b7 {[#]} 26. h3 (26. f4 $1 $16 {[%mdl 512]}) 26... f6 $11 27. Nf3 Kf8 28. Rc1 Ke7 29. Rc3 Bb5 30. Bxb5 Nxb5 ({Black should try} 30... R2xb5 $14 31. Rxb5 Rxb5) 31. Rb3 $16 Rxb3 32. axb3 {[%mdl 4096] Endgame KRN-KRN} Kd6 33. Nd2 Kc5 34. Ra4 Nd4 35. f3 (35. g4 $16) 35... Kb5 $1 $14 36. Rc4 f5 $2 {[%mdl 8192]} ({Black should play} 36... Ka5 $1 $14) 37. Rc8 $18 Kb4 38. Nc4 fxe4 39. fxe4 Nxb3 (39... Nb5 {is a better defense.} 40. Nxe5 Nd6) 40. Nxe5 Nc5 41. Nc6+ Kb5 42. Nd4+ (42. e5 $142 a5 {[#]} 43. Nxa5 $1 {[%mdl 512]}) 42... Kb4 43. Nc6+ $2 (43. e5) 43... Kb5 $1 44. e5 {White is clearly winning.} Rd7 45. e6 Rxd5 46. e7 Rd1+ 47. Kh2 Re1 48. Nxa7+ {Accuracy: White = 64%, Black = 58%.} 1-0

[Event "Copenhagen Chess Challenge 2019"]
[Site "Ballerup"]
[Date "2019.05.19"]
[Round "9.1"]
[White "Lilja, Richard"]
[Black "Andersen, Kim Nyvang"]
[Result "1-0"]
[WhiteElo "2103"]
[BlackElo "2004"]
[Annotator "TA"]
[PlyCount "99"]
[EventDate "2019.05.16"]
[EventCountry "DEN"]
[SourceTitle "playchess.com"]
[Source "ChessBase"]
[SourceQuality "1"]

{[%evp 9,99,12,34,8,8,-27,-22,-25,-22,-19,0,0,8,-13,-10,-33,-31,-70,-59,-66,-60,-103,-66,-110,-33,-30,-36,-45,-24,-78,-41,-79,-74,-79,-79,-79,-78,-84,-77,-643,-635,-852,-839,-813,-1022,-919,-793,-618,-158,-159,-171,-186,-186,-178,-150,-168,-110,-99,-24,-76,0,-59,0,0,0,0,0,0,39,44,537,520,844,841,802,759,1253,1253,1214,1191,1026,648,1096,222,529,529,529,515,29988,29989,29988,734]} 1. e4 c5 2. Nc3 Nc6 3. Bb5 e6 4. Bxc6 bxc6 5. d3 d6 (5... Ne7 6. f4 d5 7. Nf3 Ng6 8. b3 Bd6 9. e5 Be7 10. O-O O-O 11. Na4 f6 12. c4 fxe5 13. fxe5 {0-1 (37) Grischuk,A (2772)-Korobov,A (2652) Huaian 2017}) 6. Nf3 {B23: Closed Sicilian: Lines without g3} e5 7. b3 $146 ({Predecessor:} 7. Nd2 Ne7 8. O-O Ng6 9. Nc4 Be7 10. Ne3 O-O 11. Nf5 Bf6 12. Ne2 Ne7 13. Nxe7+ Qxe7 {1-0 (48) Kosintseva,N (2425)-Galliamova,A (2502) Kazan 2004}) 7... Ne7 8. O-O {The position is equal.} Ng6 9. Ne2 Bg4 10. Nd2 Be7 11. f3 Be6 12. Kh1 O-O 13. Rb1 f5 14. exf5 Bxf5 15. a4 Qd7 16. Ba3 Rf6 (16... d5 $17 17. Qe1 Bd6) 17. Ne4 $15 Rf7 18. Qd2 h6 19. Rbd1 (19. b4 $11) 19... Raf8 20. Qc3 Nh4 21. N2g3 {[#]} Bh3 $1 {[%mdl 512]} 22. gxh3 Qxh3 {[%csl Gh4][%cal Rh3g2]} 23. Qd2 d5 $1 $40 {[%cal Rd5e4][%mdl 128] Black wants a kill.} 24. Nxc5 $2 {[%mdl 8192]} ({Avoid the trap} 24. Bxc5 $2 dxe4 25. Bxe7 e3 $19) (24. Qe2 $17) 24... Rxf3 $19 25. Rxf3 Rxf3 26. Rg1 Bg5 27. Qe2 Be3 28. Rg2 Qxg2+ $2 (28... Bf4 $19 {and Black stays clearly on top. ( -> ...Re3)} 29. Ne6 Re3) 29. Qxg2 $17 Nxg2 30. Kxg2 Rf2+ {[%mdl 64] Double Attack} 31. Kh3 Rxc2 32. Nd7 {[#]} Bg1 (32... Kf7 $1 $19 33. Nxe5+ Ke6) 33. Nxe5 Rxh2+ 34. Kg4 {[#]} Rc2 ({Better is} 34... c5 $1 $17 {White must now prevent ...Ra2.} 35. Nf5 h5+ 36. Kg5 Kh7) 35. Bd6 (35. Nf5 $11) 35... Bc5 ({Black should play} 35... Bd4 $15 36. Nf5 Bxe5 37. Bxe5 Kf7) 36. Bxc5 $11 Rxc5 37. Nf5 Rc3 38. b4 {[%cal Bb3b4,Bb4c5,Bc5c6][%mdl 32]} Ra3 39. a5 {[%mdl 1024] White has compensation.} c5 $2 {[%mdl 8192]} (39... a6 $14) 40. bxc5 $18 Rxa5 (40... Ra4+ $142 41. d4 Ra1) 41. c6 {White threatens c7 and mate.} Rc5 42. d4 Rc3 43. Ne7+ {[%mdl 64] Double Attack} Kf8 44. Nxd5 Rc1 45. Ne3 Ke8 46. N3c4 $2 (46. d5 {Kf4 is the strong threat.} g6 47. N3c4) 46... Kd8 $2 (46... Rd1 {is more resistant.}) 47. d5 Rd1 48. d6 {Hoping for Kf5.} a5 (48... g6 $18 49. Kf4 h5) 49. c7+ Kc8 50. Nb6+ {Accuracy: White = 44%, Black = 44%.} 1-0

[Event "Copenhagen Chess Challenge 2019"]
[Site "Ballerup"]
[Date "2019.05.19"]
[Round "9.2"]
[White "Ramsdal, Jens Albert"]
[Black "Burmakin, Vladimir"]
[Result "0-1"]
[WhiteElo "2245"]
[BlackElo "2519"]
[Annotator "TA"]
[PlyCount "54"]
[EventDate "2019.05.16"]
[EventCountry "DEN"]
[SourceTitle "playchess.com"]
[Source "ChessBase"]
[SourceQuality "1"]

{[%evp 10,54,16,20,53,55,53,58,60,46,77,54,62,49,64,-27,-17,-21,-21,-35,-37,-69,-39,-72,-42,-31,0,-20,-30,-45,-27,-48,-46,-53,-59,-68,-61,-79,-83,-58,-61,-289,-277,-473,-462,-421,-401]} 1. e4 c6 2. d4 d5 3. e5 Bf5 4. Nf3 e6 5. Be2 Ne7 6. O-O Nc8 {B12: Caro-Kann: Advance Variation} (6... Bg6 7. Nbd2 Nf5 8. a4 Nd7 9. a5 h5 10. c3 Be7 11. Ne1 c5 12. Ndf3 a6 13. Nd3 h4 14. b4 cxd4 15. cxd4 {1-0 (41) Harikrishna,P (2725)-Tomashevsky,E (2705) St Petersburg 2018}) 7. b3 Be7 8. c4 O-O {White is slightly better.} 9. Nc3 f6 $146 ({Predecessor:} 9... Nd7 10. h3 f6 11. exf6 Bxf6 12. Bd3 Bxd3 13. Qxd3 dxc4 14. Qxc4 {1-0 (44) Bocharov,I (2552)-Rozum,I (2581) Ekaterinburg 2018}) 10. exf6 Bxf6 11. Bd3 Nd6 12. c5 (12. Ba3 $14) 12... Bxd3 $11 13. Qxd3 Nf7 14. Re1 Re8 15. Ne5 Bxe5 16. dxe5 Nd7 17. Qd4 b6 {[%cal Bb7b6,Bb6c5][%mdl 32]} 18. Na4 {[%cal Bc3a4,Ba4b2,Bb2d3][%mdl 32]} Qe7 19. Ba3 a5 {aiming for ...b5.} 20. Nb2 bxc5 21. Qc3 Qg5 $1 $36 {[%cal Rf7e5][%mdl 2048] Black is more active.} 22. Nd3 d4 23. Qc1 {[#]} Qf5 $1 {[%cal Rf5d3]} 24. Nxc5 Ndxe5 25. Re4 $2 {[#]} (25. f3 $15) 25... Nd3 $1 $19 {[%mdl 512]} 26. Qc2 $2 (26. Qc4 Nxc5 27. Rxd4) (26. Nxd3 Qxe4) 26... Nxc5 27. Bxc5 {[#]} Ng5 $1 {Accuracy: White = 34%, Black = 73%.} 0-1

[Event "Copenhagen Chess Challenge 2019"]
[Site "Ballerup"]
[Date "2019.05.19"]
[Round "9.3"]
[White "Haldorsen, Benjamin"]
[Black "Haub, Thorsten Michael"]
[Result "1-0"]
[WhiteElo "2437"]
[BlackElo "2398"]
[Annotator "TA"]
[PlyCount "85"]
[EventDate "2019.05.16"]
[EventCountry "DEN"]
[SourceTitle "playchess.com"]
[Source "ChessBase"]
[SourceQuality "1"]

{[%evp 10,85,16,14,18,3,24,10,19,20,79,40,42,49,45,43,46,25,35,36,106,90,91,94,148,151,155,147,151,152,162,79,105,100,189,189,183,188,662,659,647,565,547,512,547,551,617,606,982,983,905,564,633,646,639,636,660,516,703,679,806,786,790,773,950,942,1095,1101,1296,1258,29973,29972,6420,6325,29987,1196,29985,7164]} 1. c4 g6 2. g3 Bg7 3. Bg2 f5 4. Nc3 Nf6 5. d3 d6 6. e4 Nc6 {A10: English Opening: Unusual Replies for Black} (6... fxe4 7. dxe4 O-O 8. Nge2 c5 9. O-O Nc6 10. h3 a6 11. Be3 e5 12. Nd5 Nd4 13. Nec3 b5 14. Nxf6+ Bxf6 15. cxb5 axb5 16. Nxb5 Nxb5 {0-1 (47) Le,Q (2714)-Anton Guijarro,D (2642) St Petersburg 2018}) 7. Nge2 O-O 8. O-O Be6 {The position is equal.} 9. exf5 gxf5 (9... Bxf5 $11 {remains equal.} 10. d4 Qd7) 10. b3 $146 ({Predecessor:} 10. Nd5 Bf7 11. Ne3 e6 12. Rb1 Bh5 13. Qe1 Qd7 {0-1 (43) Hoffmann,M (2226)-Schmidt,H (2355) Germany 2007}) 10... Bf7 11. Bb2 e5 12. d4 e4 13. d5 Ne5 14. Nf4 Re8 {[#]} (14... c6 $14) 15. Nb5 $1 $16 Ng6 16. Nh3 f4 ({Black should play} 16... Qd7) 17. Ng5 ({Don't do} 17. gxf4 $6 Qd7 $11) 17... f3 18. Nxf7 Kxf7 19. Bh3 Nh5 {[#]} 20. Bxg7 (20. Nd4 $1 $18 {has better winning chances.}) 20... Nxg7 21. Re1 Re5 (21... Nf4 $16 22. gxf4 Qh4) 22. Nc3 $18 Nf4 23. Bf1 ({Inferior is} 23. gxf4 Qh4 $11) 23... Qe7 $2 (23... Qg5 24. Nxe4 (24. Rxe4 Rxe4 25. Nxe4 Qe5 $16) 24... Qg4) 24. gxf4 Rh5 {( -> ...Qh4!)} 25. Nxe4 Qh4 {[%csl Gh5][%cal Rh4h2]} 26. h3 Qxf4 27. Qd2 Qh4 28. Ng3 Rg8 {Strongly threatening ...Nf5.} 29. Re4 Qf6 30. Qd4 Re5 31. Rxe5 dxe5 32. Qe4 h5 33. h4 Ne8 34. Bh3 Nd6 35. Qh7+ Rg7 36. Qxh5+ Ke7 37. Kh1 e4 38. Re1 Qc3 39. Rf1 b6 40. Nf5+ Nxf5 41. Qxf5 {White wants to mate with Qd7+.} Kd6 42. Qxe4 (42. b4 $142 Qxb4 43. Qf8+ Re7 44. Qf6+ Kc5 45. Qxe7+ {[%mdl 64] Double Attack} Kxc4 46. Qxc7+ {[%mdl 64] Double Attack} Qc5 47. Rc1+ {[%mdl 64] Skewer} Kb4 48. Rxc5) 42... Re7 43. Qg6+ {Accuracy: White = 65%, Black = 30%.} 1-0

[Event "Copenhagen Chess Challenge 2019"]
[Site "Ballerup"]
[Date "2019.05.19"]
[Round "9.4"]
[White "Kaasen, Tor Fredrik"]
[Black "Brynell, Stellan"]
[Result "1/2-1/2"]
[WhiteElo "2398"]
[BlackElo "2406"]
[Annotator "TA"]
[PlyCount "98"]
[EventDate "2019.05.16"]
[EventCountry "DEN"]
[SourceTitle "playchess.com"]
[Source "ChessBase"]
[SourceQuality "1"]

{[%evp 25,98,18,33,7,25,0,56,58,58,28,77,-39,68,55,86,94,105,84,90,83,116,105,145,128,120,65,77,70,105,66,81,67,114,82,79,111,189,170,253,152,354,348,333,310,299,226,215,144,154,45,102,80,84,67,69,54,107,110,202,162,178,147,261,202,272,248,395,300,291,0,0,0,0,0,0]} 1. c4 Nf6 2. Nc3 e5 3. Nf3 Nc6 4. d3 g6 5. g3 Bg7 6. Bg2 O-O 7. O-O d6 8. Rb1 a5 9. a3 {[%cal Ba2a3,Ba3b4,Bb4b5][%mdl 32]} h6 10. b4 axb4 11. axb4 Be6 12. b5 Ne7 13. Qc2 Qd7 14. Rd1 {A26: English Opening vs King's Indian with ...Nc6 and d3} Bh3 15. Bh1 Ng4 (15... Qe6 $11) 16. d4 $1 $14 {White is slightly better.} Qc8 {[#]} 17. Bb2 $146 ({Predecessor:} 17. dxe5 Nxe5 18. Nxe5 dxe5 19. Nd5 Nxd5 20. cxd5 Bf5 21. Be4 Bxe4 22. Qxe4 {1-0 (32) Adianto,U (2610)-Socko,M (2470) Koszalin 1998}) 17... Kh7 18. Nd5 (18. Ne4 $16) 18... Re8 (18... Nxd5 $15 19. cxd5 e4 $1 {[%mdl 512]} 20. Qxe4 Nf6) 19. dxe5 {Hoping for Nxe7.} dxe5 20. Nd2 f5 21. e4 f4 22. Qb3 Nxd5 23. cxd5 {aiming for gxf4.} fxg3 24. hxg3 (24. Qxg3 $6 Nf6 $16) 24... Qd8 25. Nf3 (25. Bg2 $16 Qf6 26. Qf3 Bxg2 27. Qxf6 Nxf6 28. Kxg2) 25... Qd6 26. Rd2 Rf8 27. Rc1 Rf7 28. Rdc2 Bf8 29. Bg2 Bxg2 30. Kxg2 Bg7 (30... g5 $16) 31. Rh1 $18 Bf6 (31... Kg8 {was necessary.}) 32. Ne1 {Strongly threatening f3.} Be7 $2 (32... Bg5 $16 {was worth a try.}) 33. f3 Nf6 34. Nd3 Nd7 35. Qc3 Qf6 36. Rf2 ({Worse is} 36. Nxe5 Nxe5 37. f4 Ng4 $15) 36... Bd6 37. Rhf1 (37. Qc1 $16 g5 38. f4 $1 {[%mdl 512]}) 37... Qg5 ({Black should play} 37... g5 $14) 38. Bc1 Qe7 39. Rh1 g5 40. Qd2 $36 {[%mdl 2048] White is more active.} Kg6 (40... Rg7 $14) 41. Qe2 $16 {f4 is the strong threat.} Rh8 (41... Kg7 $16 {keeps fighting.}) 42. Kf1 Nf6 43. Bb2 Nd7 (43... h5 $16 44. Rhh2 Re8) 44. Rfh2 Nc5 45. Nf2 ({Not} 45. Nxc5 Bxc5 46. f4 Kg7 $16) 45... Qd7 (45... Nd7 $142 46. Ng4 Rfh7) 46. Kg2 {Threatens to win with Ng4.} h5 {[#]} 47. Qe3 $2 ({Better is} 47. f4 $1 $18 {[%mdl 512]} gxf4 (47... exf4 48. gxf4) 48. gxf4 (48. Qf3 fxg3 49. Qxg3+ Kf6 $11) 48... Rxf4 49. Bc1 (49. Rxh5 Nxe4 50. Nxe4 Qg4+ 51. Qxg4+ Rxg4+ 52. Ng3 Rxh5 $11)) 47... Qxb5 $11 {The position is equal.} 48. Bc3 {And now Nh3 would win.} Qb3 49. Rc1 Rhf8 {Accuracy: White = 52%, Black = 28%.} 1/2-1/2